00847nam a2200205 a 450000100100000000500170001000800410002702000150006804000250008308200130010810000370012124501300015826000910028830000200037949000300039970000470042983000370047695201110051399900170062400004280120201002040416.0140210s1991 sp 000 0 spa d a8479692030 aDO-SdBNPbspacBNPHU axxxbxxx1 aLondon, Jack,d1876-1916.93318010aCara de Luna y otros relatos /cJack London ; editor Germán Sánchez Ruipérez ; edición Juan Diego Pérez González. a[Madrid] :bCátedra,bCompañía Europea de Comunicación e Información,c1991. a93 p. ;c19 cm.1 aBiblioteca de el solv17312aPérez González, Juan Diegoeed.970145 0aBiblioteca de el soln173970146 001050718MOaGRbGRcCTd2014-02-10iLF1l0oxxx xxxp42801-10r2020-06-25w2020-06-25y1ZNo se presta c42290d42290